00337nam a2200133Ia 4500008004100000020001500041041001200056082001600068100001600084245004300100260003600143300000800179650001600187221030s9999 xx 000 0 und d a8173173273 aEnglish a105.23bSin aV. P. Singh 0aMicrosoft Windows 2000cby V. P. Singh bAsia Pub HouseaNew Delhic2000 a414 aBE Computer